Consideraciones sobre metodologías actuales de tratamiento fonoaudiológico en niños fisurados palatinos

Guardado en:
Detalles Bibliográficos
Autores principales: Quirós, Julio Bernaldo de (Autor), Schrager, Orlando Luis (Autor)
Formato: Libro
Lenguaje:español
Publicado: Buenos Aires CEMIFA 1981
Colección:Patología de la comunicación, 6
Materias:
Etiquetas: Agregar Etiqueta
Sin Etiquetas, Sea el primero en etiquetar este registro!

MARC

LEADER 00000nam a2200000 a 4500
001 UCY9080
003 CL-VaPUC
008 950707e19810400AG |||||||||||||||||spa|d
082 0 4 |a 371.914  |b QUI  |2 21 
100 0 |a Quirós, Julio Bernaldo de  |e author  |9 341117 
700 0 |a Schrager, Orlando Luis  |e author  |9 341118 
245 1 0 |a Consideraciones sobre metodologías actuales de tratamiento fonoaudiológico en niños fisurados palatinos 
300 |a 76 p 
942 |c BK 
945 |d 19950707 00:00:00  |a lriquelm 
260 |a Buenos Aires  |b CEMIFA  |c 1981 
650 0 |a Desarrollo del lenguaje   |9 311270 
650 0 |a Psicolingüística   |9 283371 
650 7 |a TRASTORNOS DEL HABLA  |2 CL-VaPUC  |9 309440 
650 0 |a Terapia  |9 334442 
650 0 |a Fonética  |9 308371 
650 0 |a Fonología   |9 341074 
650 0 |a Lenguaje infantil   |9 314705 
583 |a last modification  |c 19950707 00:00:00  |k Rodrigo Vera 
490 0 |a Patología de la comunicación, 6 
999 |c 236252  |d 236250 
952 |0 0  |1 0  |4 0  |6 371_914000000000000_QUI_1981  |7 0  |8 A  |9 244265  |a BIBEDU  |b BIBEDU  |d 2019-11-18  |i 1532146  |o 371.914 QUI 1981  |p 1532146  |r 2019-11-18  |w 2019-11-18  |y BK  |k EDU